Odložená daň v individuálnej účtovnej závierke

Dane z príjmov - daň splatná a daň odložená. Odložená daň všeobecne, podľa IFRS, podľa slovenskej legislatívy. Prezentácia odloženej dane z príjmov v Poznámkach. Odložená daň z príjmov pri goodwille v individuálnej účtovnej závierke podľa slovenskej legislatívy.

Na minha lista:
Detalhes bibliográficos
Autor principal: Cvečková, Mária
Formato: Capítulo de Livro
Idioma:eslovaco
Assuntos:
Tags: Adicionar Tag
Sem tags, seja o primeiro a adicionar uma tag!

MARC

LEADER 00000naa a2200000 4500
001 0208395
005 20231114104203.7
041 0 |a slo 
044 |a SK 
245 1 0 |a Odložená daň v individuálnej účtovnej závierke  |c Mária Cvečková 
520 |a Dane z príjmov - daň splatná a daň odložená. Odložená daň všeobecne, podľa IFRS, podľa slovenskej legislatívy. Prezentácia odloženej dane z príjmov v Poznámkach. Odložená daň z príjmov pri goodwille v individuálnej účtovnej závierke podľa slovenskej legislatívy. 
610 2 0 |a dane z príjmov 
610 2 0 |a dane odložené 
610 2 0 |a závierka účtovná 
100 1 |a Cvečková, Mária